Las transformaciones del hombre

Uloženo v:
Podrobná bibliografie
Hlavní autor: Mumford, Lewis (autor)
Médium: Kniha
Jazyk:španělština
Vydáno: Buenos Aires Sur 1960
Témata:
Tagy: Přidat tag
Žádné tagy, Buďte první, kdo vytvoří štítek k tomuto záznamu!

MARC

LEADER 00000nam a2200000 a 4500
001 UCV8981
003 CL-VaPUC
008 920331e19600000AG |||||||||||||||||spa|d
082 0 4 |a 301  |b MUM  |2 21 
100 |a Mumford, Lewis  |e autor  |9 869690 
245 1 4 |a Las transformaciones del hombre 
300 |a 282 p 
942 |c BK 
945 |d 19920331 00:00:00 
260 |a Buenos Aires  |b Sur  |c 1960 
650 0 |a Civilización   |9 255823 
650 0 |a Antropología filosófica  |9 265842 
583 |a last modification  |c 20120930 10:15:11  |k Rodrigo Vera 
999 |c 214385  |d 214383 
952 |0 0  |1 0  |4 0  |6 301_000000000000000_MUM_1960  |7 0  |8 P  |9 197691  |a BIBARQ  |b BIBARQ  |d 2019-11-14  |i 2653540  |o 301 MUM 1960  |p 2653540  |r 2025-01-20  |w 2019-11-14  |y BK  |k ARQ